Sing without shame (Record no. 217456)
[ view plain ]
| 000 -LEADER | |
|---|---|
| fixed length control field | 01793nam a2200397 a 4500 |
| 082 04 - DEWEY DECIMAL CLASSIFICATION NUMBER | |
| Classification number | 841 |
| 100 1# - MAIN ENTRY--AUTHOR NAME | |
| Personal name | Jackson, K. David |
| 245 10 - TITLE STATEMENT | |
| Title | Sing without shame |
| 260 ## - PUBLICATION, DISTRIBUTION, ETC. (IMPRINT) | |
| Place of publication | Amsterdam ; |
| -- | Philadelphia : |
| Name of publisher | J. Benjamins Pub. Co. ; |
| Place of publication | Macau : |
| Name of publisher | Instituto Cultural de Macau, |
| Year of publication | 1990. |
| 300 ## - PHYSICAL DESCRIPTION | |
| Number of Pages | xxvii, 257 p., [11] p. of plates : |
| Other physical details | ill., map. |
| 490 1# - SERIES STATEMENT | |
| Series statement | Creole language library, |
| 650 #0 - SUBJECT ADDED ENTRY--TOPICAL TERM | |
| Topical Term | Creole poetry, Portuguese |
| Topical Term | Folk poetry, Portuguese |
| Topical Term | Literature and folklore |
| Topical Term | Creole dialects, Portuguese |
| 856 40 - ELECTRONIC LOCATION AND ACCESS | |
| Uniform Resource Identifier | http://site.ebrary.com/lib/rucke/Doc?id=10509546 |
No items available.
